Applied mathematics in chemical engineering (Record no. 84294)

MARC details
000 -LEADER
fixed length control field 00856nam a2200169 a 4500
008 - FIXED-LENGTH DATA ELEMENTS--GENERAL INFORMATION
fixed length control field 120416s1975 ||||||||||||||||| || u
020 ## - INTERNATIONAL STANDARD BOOK NUMBER
International Standard Book Number 007099451X
050 ## - LIBRARY OF CONGRESS CALL NUMBER
Classification number TP 155 Mic
100 ## - MAIN ENTRY--PERSONAL NAME
Personal name Mickley, Harold S
245 10 - TITLE STATEMENT
Title Applied mathematics in chemical engineering
260 ## - PUBLICATION, DISTRIBUTION, ETC.
Place of publication, distribution, etc. New Delhi
Name of publisher, distributor, etc. Tata McGraw-Hill
Date of publication, distribution, etc. 1975
350 ## -
-- 0.00
700 ## - ADDED ENTRY--PERSONAL NAME
Personal name Reed, E. Charles
995 ## -
-- MAIN LIBRARY OPEN ACCESS
-- 0.00
-- 732844
-- CBU-MAIN LIBRARY (Kitwe)
-- 2
-- 0.00
-- TP 155 Mic
-- 2
-- AVAILABLE
-- May 2, 2007
-- 029654
-- Main Library Open Access Collection
995 ## -
-- MAIN LIBRARY OPEN ACCESS
-- 0.00
-- 732842
-- CBU-MAIN LIBRARY (Kitwe)
-- 1
-- 0.00
-- TP 155 Mic
-- 1
-- AVAILABLE
-- 029656
-- Main Library Open Access Collection
995 ## -
-- MAIN LIBRARY OPEN ACCESS
-- 0.00
-- 732843
-- CBU-MAIN LIBRARY (Kitwe)
-- 3
-- 0.00
-- TP 155 Mic
-- 3
-- AVAILABLE
-- 029655
-- Main Library Open Access Collection
999 ## -
-- 84294
-- 84294
Holdings
Withdrawn status Lost status Source of classification or shelving scheme Damaged status Not for loan Permanent Location Current Location Shelving location Date acquired Total Checkouts Full call number Barcode Date last seen Copy number Price effective from Koha item type
          CBU-MAIN LIBRARY, KITWE. CBU-MAIN LIBRARY, KITWE.   01/25/2024   TP 155 Mic 029654 01/25/2024 1 01/25/2024 MONOGRAPH
          CBU-MAIN LIBRARY, KITWE. CBU-MAIN LIBRARY, KITWE.   01/25/2024   TP 155 Mic 029656 01/25/2024 2 01/25/2024 MONOGRAPH
          CBU-MAIN LIBRARY, KITWE. CBU-MAIN LIBRARY, KITWE.   01/25/2024   TP 155 Mic 029655 01/25/2024 3 01/25/2024 MONOGRAPH